甲子園出場歴のある大阪府立高校 - Statistics

General Stats
  • This quiz has been taken 47 times
  • The average score is 5 of 20
Answer Stats
出場年度 高校名 % Correct
1 北野高校
64%
1 天王寺高校
52%
1 豊中高校
48%
1 市岡高校
43%
1 渋谷高校
43%
1 八尾高校
40%
1 寝屋川高校
33%
1 三国丘高校
33%
1 高津高校
31%
1 富田林高校
24%
1 桜宮高校
24%
1 泉陽高校
21%
1 今宮高校
14%
1 春日丘高校
14%
1 芦間高校
10%
1 日新高校
7%
1 阿倍野高校
5%
1 泉大津高校
5%
1 都島工業高校
5%
1 扇町総合高校
2%
No matching quizzes found
Score Distribution
Percent of People with Each Score
Percentile by Number Answered
Your Score History
You have not taken this quiz